Parliamentary supremacy and judicial independence : (Record no. 596)

MARC details
000 -LEADER
fixed length control field 01252cam a2200313 a 4500
001 - CONTROL NUMBER
control field 12143200
003 - CONTROL NUMBER IDENTIFIER
control field OSt
005 - DATE AND TIME OF LATEST TRANSACTION
control field 20230606111508.0
008 - FIXED-LENGTH DATA ELEMENTS--GENERAL INFORMATION
fixed length control field 990809s1999 enk 100 0 eng d
010 ## - LIBRARY OF CONGRESS CONTROL NUMBER
LC control number 00344677
020 ## - INTERNATIONAL STANDARD BOOK NUMBER
International Standard Book Number 1859415237
040 ## - CATALOGING SOURCE
Original cataloging agency UKM
Transcribing agency LUI
Modifying agency DLC
043 ## - GEOGRAPHIC AREA CODE
Geographic area code e-uk---
-- b------
050 00 - LIBRARY OF CONGRESS CALL NUMBER
Classification number KD4210
Item number .P365 1999
082 ## - DEWEY DECIMAL CLASSIFICATION NUMBER
Classification number 342.044
Item number HAT
245 00 - TITLE STATEMENT
Title Parliamentary supremacy and judicial independence :
Remainder of title a Commonwealth approach : proceedings of the Latimer House Joint Colloquium, June 1998 /
Statement of responsibility, etc. edited by John Hatchard and Peter Slinn.
260 ## - PUBLICATION, DISTRIBUTION, ETC. (IMPRINT)
Place of publication, distribution, etc. London :
Name of publisher, distributor, etc. Cavendish Pub.,
Date of publication, distribution, etc. 1999.
300 ## - PHYSICAL DESCRIPTION
Extent x, 172 p. ;
Dimensions 24 cm.
610 10 - SUBJECT ADDED ENTRY--CORPORATE NAME
Corporate name or jurisdiction name as entry element Great Britain.
Subordinate unit Parliament
Form subdivision Congresses.
650 #0 - SUBJECT ADDED ENTRY--TOPICAL TERM
Topical term or geographic name as entry element Legislative power
Geographic subdivision Great Britain
Form subdivision Congresses.
650 #0 - SUBJECT ADDED ENTRY--TOPICAL TERM
Topical term or geographic name as entry element Judicial power
Geographic subdivision Great Britain
Form subdivision Congresses.
650 #0 - SUBJECT ADDED ENTRY--TOPICAL TERM
Topical term or geographic name as entry element Constitutional history
Geographic subdivision Commonwealth countries
Form subdivision Congresses.
700 1# - ADDED ENTRY--PERSONAL NAME
Personal name Hatchard, John.
700 1# - ADDED ENTRY--PERSONAL NAME
Personal name Slinn, Peter.
856 42 - ELECTRONIC LOCATION AND ACCESS
Materials specified Publisher description
Uniform Resource Identifier <a href="http://www.loc.gov/catdir/description/cav031/00344677.html">http://www.loc.gov/catdir/description/cav031/00344677.html</a>
906 ## - LOCAL DATA ELEMENT F, LDF (RLIN)
a 7
b cbc
c orignew
d 2
e ncip
f 20
g y-gencatlg
942 ## - ADDED ENTRY ELEMENTS (KOHA)
Source of classification or shelving scheme Dewey Decimal Classification
Koha item type Books
Holdings
Withdrawn status Lost status Source of classification or shelving scheme Damaged status Not for loan Home library Current library Date acquired Total Checkouts Full call number Barcode Date last seen Price effective from Koha item type
    Dewey Decimal Classification     Bunge Tower Library Bunge Tower Library 06/06/2023   342.044 HAT 10015518 06/06/2023 06/06/2023 Books
LIBRARY OPENING HOURS

When the Parliament is sitting: 8.00a.m - 7.00p.m or until the house adjourns
Mondays and Fridays and when the House is on Recess:  8.00a.m - 5.00p.m
Closed on Weekends and Public Holidays

Online Public Access Catalog (OPAC)
Website: http://www.parliament.go.ke
Bunge Library: https://libraryir.parliament.go.ke
Contact: library@parliament.go.ke | Tel no: (254-2)2221291 or 2848000 Ext 5043